El continente americano (Record no. 77969)

MARC details
000 -LEADER
campo de control de longitud fija 00946nam a2200217 i 4500
001 - NÚMERO DE CONTROL
campo de control 77969
003 - IDENTIFICADOR DE NÚMERO DE CONTROL
campo de control ES-MaACL
005 - FECHA Y HORA DE LA ÚLTIMA TRANSACCIÓN
campo de control 20230906173500.0
007 - CAMPO FIJO DE DESCRIPCIÓN FÍSICA--INFORMACIÓN GENERAL
campo de control de longitud fija t|
008 - DATOS DE LONGITUD FIJA--INFORMACIÓN GENERAL
campo de control de longitud fija 041116s1894 sp |||| | spa d
245 03 - MENCIÓN DEL TÍTULO
Título El continente americano
Resto del título : conferencias dadas en el Ateneo Científico, Literario y Artístico de Madrid con motivo del Cuarto Centenario del Descubrimiento de América.
260 ## - PUBLICACIÓN, DISTRIBUCIÓN, ETC.
Lugar de publicación, distribución, etc. Madrid :
Nombre del editor, distribuidor, etc. [s.n.],
Fecha de publicación, distribución, etc. 1894 (
Fabricante Sucesores de Rivadeneyra)
300 ## - DESCRIPCIÓN FÍSICA
Extensión 3 v. ;
Dimensiones 25 cm.
530 ## - NOTA DISPONIBLE DE FORMULARIO FÍSICO ADICIONAL
Nota de formato físico adicional disponible Disponible en formato digital.
610 24 - PUNTO DE ACCESO ADICIONAL DE MATERIA--NOMBRE DE ENTIDAD CORPORATIVA
Nombre de entidad corporativa o nombre de jurisdicción como elemento de entrada Ateneo de Madrid-
Subdivisión de forma Conferencias-
Subdivisión cronológica S.XIX.
9 (RLIN) 1910
651 #4 - PUNTO DE ACCESO ADICIONAL DE MATERIA--NOMBRE GEOGRÁFICO
Nombre geográfico América-
Subdivisión general Descubrimientos y exploraciones-
Subdivisión de forma Aniversarios y centenarios.
9 (RLIN) 138063
651 #4 - PUNTO DE ACCESO ADICIONAL DE MATERIA--NOMBRE GEOGRÁFICO
Nombre geográfico América-
Subdivisión general Descubrimientos y exploraciones-
-- Españoles.
9 (RLIN) 138324
852 ## - LOCALIZACIÓN
Ubicación ES-MaACL
Número de control de estantería R-2603-05
Encuadernación Olim: B-4771-3
856 ## - LOCALIZACIÓN Y ACCESO ELECTRÓNICOS
Identificador Uniforme de Recursos <a href="http://bdh-rd.bne.es/viewer.vm?id=0000134181&page=1 ">http://bdh-rd.bne.es/viewer.vm?id=0000134181&page=1 </a>
Nota pública Biblioteca Digital Hispánica
942 ## - ELEMENTOS DE ENTRADA SECUNDARIOS (KOHA)
Fuente del sistema de clasificación o colocación Clasificación Decimal Dewey
Holdings
Estatus retirado Estado de pérdida Estado de daño No para préstamo Colección Biblioteca de origen Biblioteca actual Ubicación en estantería Fecha de adquisición Fuente de adquisición Total de préstamos Signatura topográfica completa Código de barras Visto por última vez Precio de reemplazo Tipo de ítem Koha
        Colección digital Biblioteca del Ateneo de Madrid Biblioteca del Ateneo de Madrid Depósito 17/01/2008     R-2603-05 1081566 23/02/2023 23/02/2023 Libro impreso antiguo